Spelling Supercalifragilisticexpialidocious - Statistics

General Stats
  • This quiz has been taken 1,157 times
  • The average score is 4 of 7
Answer Stats
Word % Correct
Super
100%
Supercali
61%
Supercalifrag
57%
Supercalifragilistic
54%
Supercalifragilisticexpi
50%
Supercalifragilisticexpiali
47%
Supercalifragilisticexpialidocious
43%
No matching quizzes found
Score Distribution
Percent of People with Each Score
Percentile by Number Answered
Your Score History
You have not taken this quiz